01398nam a22003617a 4500003000500000005001700005008004100022010001000063011001000073035001000083040000900093090001000102100003400112245014400146260004100290300002200331502009500353590003700448590004100485590004100526590004100567590004100608590004200649650002700691650003600718650004200754650003500796901000700831942001000838949004300848999001700891952012800908CHAP20250925062747.0971013s1985 r 00010 d a58228 a59200 a63358 cCHAP aTesis00aPriego Roche, Ricardo.991596 aEstudio de la tendencia anual de pariciones en vacas Cebú-Suizo y Cebú bajo condiciones de pastoreo en el trópico húmedo de Tabasco a(Monterrey, N.L.) :bEl autor,c1985 a98 h.b: gráfs. aTesis (Ing. Agr. Zootecnista) -- ITESM. División de Ciencias Agropecuarias y Marítimas aALEPHb10c20130110lUCH01h1336 aBATCH-UPDb10c20130110lUCH01h0340 aBATCH-UPDb10c20130110lUCH01h1726 aBATCH-UPDb10c20130410lUCH01h0013 aBATCH-UPDb10c20130914lUCH01h1511 aCONVERSIONb10c20130109lUCH01h133117aGanado cebú294505614aGanado vacunoxPastoreo.94550214aGanado vacunoxReproducción.94551014aGanado vacunozTabasco.945533 aBK cTESIS bBCcTESd-136063eTS1h17730i63358si c58228d58228 00102local4051708TESISaBCbBCcPA_TESISd2019-12-31fTESISl0oTesisp-136063r2019-12-31 00:00:00w2019-12-31yTESIS